|
|
|
|
| LEADER |
00705nam a22002177a 4500 |
| 001 |
AAL5981 |
| 003 |
BD-DhAAL |
| 005 |
20160423153630.0 |
| 008 |
160423s 1991bg ||||| |||| 00| 0 eng d |
| 020 |
|
|
|a 9841200015
|
| 040 |
|
|
|a BD-DhAAL
|c BD-DhAAL
|
| 082 |
|
|
|a 362.295492
|
| 100 |
|
|
|a Begum, Anwara
|9 19204
|
| 245 |
|
|
|a Drugs and abusers :
|b Bangladesh /
|c Anwara Begum
|
| 260 |
|
|
|a Dhaka :
|b Jatiya Shahitya,
|c 1991
|
| 300 |
|
|
|a 68 p. ;
|c 22 cm
|
| 541 |
|
|
|e 5981
|
| 650 |
|
|
|a Drug abuse
|z Bangladesh
|9 19205
|
| 942 |
|
|
|2 ddc
|c BK
|
| 999 |
|
|
|c 37464
|d 37464
|
| 952 |
|
|
|0 0
|1 0
|2 ddc
|4 0
|6 362_295492000000000_BEG
|7 0
|9 58821
|a SCL
|b SCL
|c GEN
|d 2016-04-23
|g 100.00
|l 0
|o 362.295492 BEG
|p 3020005981
|r 2016-04-23
|t 1
|w 2016-04-23
|y BK
|